| 000 | 00747nam a22002297a 4500 | ||
|---|---|---|---|
| 005 | 20150618122200.0 | ||
| 008 | 150507b xxu||||| |||| 00| 0 eng d | ||
| 010 | _aENG-112916 | ||
| 020 |
_a9788175349940 _c1450.00 |
||
| 035 | _aEN-96448 | ||
| 037 | _bDBAD/PUB | ||
| 040 |
_adpl _bEnglish |
||
| 082 | _a345.5408 | ||
| 100 | _aNalwa, Suman | ||
| 245 |
_aCommentary on the Juvenile Justice Act / _cby Suman Nalwa [and] Hari Dev Kohli |
||
| 260 |
_aNew Delhi _bUniversal Law Publishing _c2011 |
||
| 270 |
_aC-FF-1A, Dilkhush Industrial Estate, G.T. Karnal Road, _bNew Delhi _e110033 |
||
| 300 |
_alxxxi,1345p. _c25cm(Hb) |
||
| 500 | _aIncludes index | ||
| 700 | _aKohli, Hari Dev | ||
| 942 |
_2ddc _cEN _mNAL _h345.5408 |
||
| 999 |
_c93386 _d93386 |
||